Ciencias sociales 1 : (Registro nro. 7901)

Detalles MARC
000 -LIDER
fixed length control field 01386nam a2200349 a 4500
001 - NÚMERO DE CONTROL
Identificador de número de control 000038917
003 - IDENTIFICACDOR DE NÚMERO DE CONTROL
control field DO-SdBNP
005 - DATE AND TIME OF LATEST TRANSACTION
control field 20160519125440.0
007 - CAMPOS FIJOS DE DESCRIPCIÓN FÍSICA
fixed length control field 000038917
008 - ELEMENTOS DE LONGITUD FIJA
fixed length control field 150130s2012 dr acd 000 0 spa d
020 ## - ISBN
International Standard Book Number 9789945173758
040 ## - FUENTE DE CATALOGACIÓN
Agencia que crea de manera original el registro BPMSU
Idioma de catalogación spa
Agencia que realiza la transcripción BPMSU
092 ## - LOCALLY ASSIGNED DEWEY DECIMAL CALL NUMBER
Número de clasificación 372.83
Número de ítem (Cutter) C569s. 1ro. 2012
245 00 - MENCIÓN DE TITULO
Título Ciencias sociales 1 :
Subtítulo educación básica /
Mención de responsabilidad colaboración Pilar Vaca ... [et. al.]; dirección editorial Doris Arroba Jácome, coordinación editorial Anna Rogero Soler
260 ## - PUBLICACIÓN, DISTRIBUCIÓN, ETC. (PIE DE IMPRENTA)
Lugar de publicación, distribución, etc Santo Domingo :
Nombre del editor, distribuidor, etc. SM,
Fecha de publicación, distribución, etc 2012.
300 ## - DESCRIPCIÓN FÍSICA
Extensión 151 p. :
Otros detalles físicos il., retrs., mapas ;
Dimensiones 29 cm.
490 1# - MENCIÓN DE SERIES
Mención de serie Proyecto Sé
505 0# - NOTA DE CONTENIDO
Título Soy especial --
-- Tengo una familia --
-- Me gusta mi casa --
-- Voy al colegio --
-- Cuido mi comunidad --
-- El campo y la ciudad --
-- El trabano es importante --
-- Nuestro bello país --
-- Los símbolos patrios --
650 ## - ENCABEZAMIENTO DE MATERIA--TEMÁTICO
Término temático o nombre geográfico como elemento de entrada CIENCIAS SOCIALES
Subdivisión temática general ENSEÑANZA ELEMENTAL
650 #4 - ENCABEZAMIENTO DE MATERIA--TEMÁTICO
Término temático o nombre geográfico como elemento de entrada EDUCACIÓN PRIMARIA
650 #4 - ENCABEZAMIENTO DE MATERIA--TEMÁTICO
Término temático o nombre geográfico como elemento de entrada CIENCIAS SOCIALES
Subdivisión temática general ESTUDIO Y EJERCICIOS
700 ## - ASIENTO SECUNDARIO -- NOMBRE PERSONAL
Nombre personal Vacas, Pilar
700 ## - ASIENTO SECUNDARIO -- NOMBRE PERSONAL
Nombre personal Arroba Jácome, Doris
Mención de responsabilidad ed.
700 ## - ASIENTO SECUNDARIO -- NOMBRE PERSONAL
Término de relación Anna Rogero Soler ;
Nombre personal ed.
700 ## - ASIENTO SECUNDARIO -- NOMBRE PERSONAL
Nombre personal
830 #0 - ASIENTO SECUNDARIO DE SERIE--TÍTULO UNIFORME
Título uniforme Proyecto Sé
910 ## - VALIDACIÓN
Validación Validado. Control de calidad MFF
930 #1 - EQUIVALENCE OR CROSS-REFERENCE-UNIFORM TITLE HEADING [LOCAL, CANADA]
Language of a work BND01
Medium of performance for music LF1
Field link and sequence number 20130506
Date of a work 01
Name of part/section of a work HD
Miscellaneous information 36709
942 ## - ADDED ENTRY ELEMENTS (KOHA)
Source of classification or shelving scheme Dewey Decimal Classification
Koha item type Libros
956 ## - LOCAL ELECTRONIC LOCATION AND ACCESS (OCLC)
Nombre de host YLOCKWARD
Número de acceso 10
Información de compresión 20150603
Inicio de sesión BND01
Procesador de solicitud 1156
956 ## - LOCAL ELECTRONIC LOCATION AND ACCESS (OCLC)
Nombre de host VMATEO
Número de acceso 10
Información de compresión 20150605
Inicio de sesión BMET02
Procesador de solicitud 00151
Existencias
Withdrawn status Lost status Source of classification or shelving scheme Damaged status Not for loan Collection code Home library Current library Date acquired Source of acquisition Total Checkouts Full call number Barcode Date last seen Price effective from Koha item type Copy number
    Dewey Decimal Classification       Biblioteca Pública Metropolitana Salomé Ureña Biblioteca Pública Metropolitana Salomé Ureña 06/11/2015 Depósito Legal   372.83 C569s 1ro BPMSU15060062 06/11/2015 06/11/2015 Libros  
    Dewey Decimal Classification       Biblioteca Pública Metropolitana Salomé Ureña Biblioteca Pública Metropolitana Salomé Ureña 06/11/2015 Depósito Legal   372.83 C569s 1ro BPMSU15060063 06/11/2015 06/11/2015 Libros ej. 2